La regenta /
Guardado en:
| Autor Principal: | |
|---|---|
| Otros Autores: | |
| Formato: | Libro |
| Publicado: |
Madrid :
Sarpe,
1984
|
| Series: | Novelas inmortales
|
| Materias: | |
| Etiquetas: |
Agregar Etiqueta
Sin Etiquetas, Sea el primero en etiquetar este registro!
|
| LEADER | 00623nam a22002295a 4500 | ||
|---|---|---|---|
| 001 | CEM.cems010082 | ||
| 005 | 20080609085614.0 | ||
| 008 | 130507s1984##################000#0#####d | ||
| 003 | CEMS | ||
| 020 | |a 8459900614 | ||
| 082 | 0 | 4 | |a 863.5 |
| 100 | 1 | |a Clarín | |
| 245 | 1 | 0 | |a La regenta / |c Clarín [seudónimo] |
| 260 | |a Madrid : |b Sarpe, |c 1984 | ||
| 300 | |a 647 p. | ||
| 490 | 0 | |a Novelas inmortales | |
| 653 | |a Literatura | ||
| 653 | |a Literatura española | ||
| 653 | |a Novelas | ||
| 653 | |a Novela española | ||
| 700 | 1 | |a García Alas Ureña, Leopoldo Enrique | |
| 859 | |a CEMS |b BIB. CEMS - 11 de abril |h 863.5 |i C394 |p 20602.99 |t Ej.1 | ||
